Študijný program Vysokej školy ekonomickej v Bratislave Školský rok 1989-90

Salvato in:
Dettagli Bibliografici
Natura: Libro
Lingua:slovacco
Pubblicazione: Bratislava VŠE 1989
Edizione:1. vyd.
Tags: Aggiungi Tag
Nessun Tag, puoi essere il primo ad aggiungerne!!

MARC

LEADER 00000nam a2200000 4500
001 c036304
005 20221128074134.7
041 0 |a slo 
044 |a SK 
245 1 0 |a Študijný program Vysokej školy ekonomickej v Bratislave  |b Školský rok 1989-90 
250 |a 1. vyd. 
264 1 |a Bratislava  |b VŠE  |c 1989 
300 |a 139 s.